<?xml version="1.0" encoding="UTF-8"?>
<resp>
  <nextPage>https://data.bn.org.pl/api/networks/bibs.marcxml?marc=001+b1000002690830&amp;sinceId=1000002690831</nextPage>
  <collection>
    <record xmlns='http://www.loc.gov/MARC21/slim'><leader>01981naa a2200553 i 4500</leader><controlfield tag='001'>b1000002690830</controlfield><controlfield tag='005'>20250226044708.3</controlfield><controlfield tag='008'>221026s2019    pl           |000 0 pol c</controlfield><controlfield tag='009'>9912848137105606</controlfield><datafield ind1='7' ind2=' ' tag='024'><subfield code='a'>10.18778/8088-950-7.06</subfield><subfield code='2'>doi</subfield></datafield><datafield ind1=' ' ind2=' ' tag='035'><subfield code='a'>(PL)b1000002690830</subfield></datafield><datafield ind1=' ' ind2=' ' tag='040'><subfield code='a'>WA N</subfield><subfield code='c'>WA N</subfield><subfield code='d'>WA N</subfield></datafield><datafield ind1='0' ind2=' ' tag='041'><subfield code='a'>pol</subfield><subfield code='b'>eng</subfield></datafield><datafield ind1=' ' ind2=' ' tag='046'><subfield code='k'>2019</subfield></datafield><datafield ind1=' ' ind2=' ' tag='080'><subfield code='a'>316(045/046)</subfield></datafield><datafield ind1='1' ind2=' ' tag='100'><subfield code='a'>Wierzbiński, Szymon</subfield><subfield code='d'>(1983- )</subfield><subfield code='e'>Autor</subfield></datafield><datafield ind1='1' ind2='0' tag='245'><subfield code='a'>Polsko-czeska pamięć historyczna a przełomowe momenty wspólnych dziejów /</subfield><subfield code='c'>Szymon Wierzbiński (Politechnika Łódzka. Wydział Zarządzania i Inżynierii Produkcji. Zakład Nauk Humanistycznych).</subfield></datafield><datafield ind1=' ' ind2=' ' tag='260'><subfield code='c'>2019.</subfield></datafield><datafield ind1=' ' ind2=' ' tag='336'><subfield code='a'>Tekst</subfield><subfield code='b'>txt</subfield><subfield code='2'>rdacontent</subfield></datafield><datafield ind1=' ' ind2=' ' tag='337'><subfield code='a'>Bez urządzenia pośredniczącego</subfield><subfield code='b'>n</subfield><subfield code='2'>rdamedia</subfield></datafield><datafield ind1=' ' ind2=' ' tag='338'><subfield code='a'>Wolumin</subfield><subfield code='b'>nc</subfield><subfield code='2'>rdacarrier</subfield></datafield><datafield ind1=' ' ind2=' ' tag='380'><subfield code='a'>Artykuły</subfield></datafield><datafield ind1=' ' ind2=' ' tag='380'><subfield code='a'>Publikacje naukowe</subfield></datafield><datafield ind1='1' ind2=' ' tag='388'><subfield code='a'>2001-</subfield></datafield><datafield ind1=' ' ind2=' ' tag='504'><subfield code='a'>Bibliografia, netografia na stronach 126-127.</subfield></datafield><datafield ind1=' ' ind2=' ' tag='546'><subfield code='a'>Streszczenie w języku angielskim.</subfield></datafield><datafield ind1=' ' ind2='7' tag='650'><subfield code='a'>Pamięć zbiorowa</subfield><subfield code='2'>DBN</subfield></datafield><datafield ind1=' ' ind2='7' tag='651'><subfield code='a'>Czechy</subfield><subfield code='2'>DBN</subfield></datafield><datafield ind1=' ' ind2='7' tag='651'><subfield code='a'>Polska</subfield><subfield code='2'>DBN</subfield></datafield><datafield ind1=' ' ind2='7' tag='655'><subfield code='a'>Artykuł problemowy</subfield><subfield code='2'>DBN</subfield></datafield><datafield ind1=' ' ind2='7' tag='655'><subfield code='a'>Artykuł z pracy zbiorowej</subfield><subfield code='2'>DBN</subfield></datafield><datafield ind1=' ' ind2=' ' tag='658'><subfield code='a'>Socjologia i społeczeństwo</subfield></datafield><datafield ind1='2' ind2=' ' tag='710'><subfield code='a'>Zakład Nauk Humanistycznych (Politechnika Łódzka)</subfield><subfield code='4'>oth</subfield></datafield><datafield ind1='0' ind2=' ' tag='773'><subfield code='i'>W:</subfield><subfield code='t'>W kręgu wyobrażeń zbiorowych : polityka, władza, społeczeństwo.</subfield><subfield code='g'>s. 107-128</subfield><subfield code='w'>(PL)b1000000440446</subfield></datafield><datafield ind1=' ' ind2=' ' tag='852'><subfield code='b'>48OMNIS_NETWORK</subfield><subfield code='8'>9912848137105606</subfield></datafield><datafield ind1=' ' ind2=' ' tag='852'><subfield code='b'>48OMNIS_NLOP</subfield><subfield code='8'>991053051184205066</subfield></datafield></record>
  </collection>
</resp>
